000 00515nam a2200193Ia 4500
005 20250508160122.0
008 008 250505s9999 xx 000 0 eng d
037 _aTextual
040 _aFEDL
_beng
_cFEDL
041 _aeng
_2eng
084 _a301.423, LAW
_qFEDL
100 _aLawrence K.
245 0 _aHow to be a woman
260 _aNew York, USA
_bThe Bobbs-Merrill Company
_c1954
300 _a144p.
650 _aSociology
942 _cTEXL
_h301.423, LAW
999 _c1361883
_d1361883